A fragmentação administrativa do Estado : (Record no. 704)

MARC details
000 -LÍDER
Campo Fixo de Controle 00813nam a2200241 a 4500
001 - NÚMERO DE CONTROLE
Campo de Controle 704
003 - IDENTIFICAÇÃO DO NÚMERO DE CONTROLE
Campo de Controle BR-CuiBMT
005 - DATA E HORA DA ÚLTIMA ATUALIZAÇÃO
Campo de Controle 20231113234729.0
008 - DADOS FIXOS
Dados Fixos 231113s2011 mgb 000 0 por d
020 ## - INTERNATIONAL STANDARD BOOK NUMBER
Nº do ISBN 9788577004133
040 ## - AGÊNCIA CATALOGADORA
Código da Agência Catalogadora BR-CuiBMT
Agência que transcreveu o registro BR-CuiBMT
080 ## - Nº DA CLASSIFICAÇÃO DECIMAL UNIVERSAL
Nº edição CDU 2007
Nº Class. CDU 342.9
090 ## - NÚMERO DE CHAMADA
Nº classificação 342.9
Cutter F866f
100 1# - ENTRADA PRINCIPAL -- AUTOR PESSOAL
Nome pessoal Freitas, Daniela Bandeira de
245 #2 - TÍTULO PRINCIPAL
Título principal A fragmentação administrativa do Estado :
Subtítulo fatores determinantes, limitações e problemas jurídico-políticos /
Indicação de responsabilidade Daniela Bandeira de Freitas ; prefácio, Jessé Torres Pereira Junior.
260 ## - PUBLICAÇÃO, DISTRIBUIÇÃO, ETC.
Local de publicação Belo Horizonte :
Editora Fórum,
Data 2011
300 ## - DESCRIÇÃO FÍSICA
N. páginas ou volumes 320 p.:
Dimensões 22 cm
504 ## - NOTA DE BIBLIOGRAFIA, ETC.
Nota de bibliografia Inclui bibliografia e índice.
650 ## - ASSUNTO TÓPICO
Cabeçalho tópico ou nome geográfico Administração pública
650 ## - ASSUNTO TÓPICO
Cabeçalho tópico ou nome geográfico Direito administrativo
650 ## - ASSUNTO TÓPICO
Cabeçalho tópico ou nome geográfico Ciências políticas
942 ## - ELEMENTOS DE ENTRADA ADICIONAIS (KOHA)
Fonte de classificação ou esquema de arquivamento Classificação Decimal Universal
Tipo de item do Koha Livros
Holdings
Estado: removido Estado: perdido Fonte de classificação ou esquema de arquivamento Estado: danificado Indisponível para empréstimo Localização permanente Localização atual Data de aquisição Total Checkouts Número de Chamada completo Código de barras Date last seen Número do exemplar Preço efetivo a partir de Tipo de item (Koha)
    Classificação Decimal Universal     Biblioteca da Escola Superior de Contas do TCE/MT Biblioteca da Escola Superior de Contas do TCE/MT 01/08/2019   342.9 F866f BIBTCEMT23110554 13/11/2023 Ex. 1 13/11/2023 Livros
    Classificação Decimal Universal     Biblioteca da Escola Superior de Contas do TCE/MT Biblioteca da Escola Superior de Contas do TCE/MT 01/08/2019   342.9 F866f BIBTCEMT23120664 16/12/2023 Ex. 2 13/11/2023 Livros

Powered by Koha